Bienvenido, Mister Marshall (Record no. 13324)

MARC details
000 -LEADER
campo de control de longitud fija 00837nam a2200229 i 4500
001 - NÚMERO DE CONTROL
campo de control 13324
003 - IDENTIFICADOR DE NÚMERO DE CONTROL
campo de control ES-MaACL
005 - FECHA Y HORA DE LA ÚLTIMA TRANSACCIÓN
campo de control 20231226133726.0
007 - CAMPO FIJO DE DESCRIPCIÓN FÍSICA--INFORMACIÓN GENERAL
campo de control de longitud fija t|
008 - DATOS DE LONGITUD FIJA--INFORMACIÓN GENERAL
campo de control de longitud fija 980210s1997 sp ||||1| spa d
080 ## - NÚMERO DE LA CLASIFICACIÓN DECIMAL UNIVERSAL
Número de la Clasificación Decimal Universal 791.43(460)
100 1# - ENTRADA PRINCIPAL--NOMBRE DE PERSONA
Nombre de persona Matellano García, Víctor.
9 (RLIN) 78935
245 10 - MENCIÓN DEL TÍTULO
Título Bienvenido, Mister Marshall
Resto del título : de la anécdota al cine con un pequeño pueblo castellano /
Mención de responsabilidad, etc. Víctor Matellano García ; prólogos de Luis Gª Berlanga y Elvira Quintillá.
260 ## - PUBLICACIÓN, DISTRIBUCIÓN, ETC.
Lugar de publicación, distribución, etc. Colmenar Viejo, Madrid :
Nombre del editor, distribuidor, etc. La Comarca,
Fecha de publicación, distribución, etc. [1997]
300 ## - DESCRIPCIÓN FÍSICA
Extensión 47 p. :
Otras características físicas il. ;
Dimensiones 25 cm.
600 17 - PUNTO DE ACCESO ADICIONAL DE MATERIA--NOMBRE DE PERSONA
Nombre de persona García Berlanga, Luis,
Fechas asociadas al nombre 1921-2010
Fuente del encabezamiento o término embne
9 (RLIN) 171047
650 ## - PUNTO DE ACCESO ADICIONAL DE MATERIA--TÉRMINO DE MATERIA
Término de materia o nombre geográfico como elemento de entrada Cine-
Subdivisión geográfica España.
9 (RLIN) 11025
700 1# - ENTRADA AGREGADA--NOMBRE PERSONAL
Nombre de persona García Berlanga, Luis,
Fechas asociadas al nombre 1921-2010
9 (RLIN) 171047
700 1# - ENTRADA AGREGADA--NOMBRE PERSONAL
Nombre de persona Quintillá, Elvira.
9 (RLIN) 94736
852 ## - LOCALIZACIÓN
Ubicación ES-MaACL
Número de control de estantería L-20660
Holdings
Estatus retirado Estado de pérdida Estado de daño No para préstamo Biblioteca de origen Biblioteca actual Ubicación en estantería Fecha de adquisición Fuente de adquisición Total de préstamos Signatura topográfica completa Código de barras Visto por última vez Precio de reemplazo Tipo de ítem Koha
        Biblioteca del Ateneo de Madrid Biblioteca del Ateneo de Madrid Depósito 2 17/01/2008     L-20660 1013567 23/02/2023 23/02/2023 Libro impreso